Countries That Have Hosted The Olympics On A Map - Statistics

General Stats
  • This quiz has been taken 41 times
    29 since last reset
  • The average score is 22 of 23
Answers on the Map
Answers color-coded by a green-red scale on the quiz's map according to % correct below.
 
Answer Stats
Hint Hint Country % Correct
683.0 342.0 Australia
100%
266 294 Brazil
100%
143 66 Canada
100%
615.0 140.9 China
100%
386 105 France
100%
404.0 89.9 Germany
100%
416.4 124.2 Italy
100%
693.3 140.0 Japan
100%
151.0 182.0 Mexico
100%
401.7 57 Norway
100%
577 52 Russia
100%
669 139 South Korea
100%
372 127.5 Spain
100%
414.3 60.5 Sweden
100%
377 86 United Kingdom
100%
153 129 United States
100%
391.0 91.0 Belgium
96%
437 52 Finland
96%
430 129 Greece
96%
393 86.9 Netherlands
96%
398.4 103.5 Switzerland
96%
414.2 100.9 Austria
92%
421.0 113.0 Bosnia andHerzegovina
75%
No matching quizzes found
Score Distribution
Percent of People with Each Score
Percentile by Number Answered
Your Score History
You have not taken this quiz since the last reset